Maketing du lịch

Zapisane w:
Opis bibliograficzny
1. autor: Trần, Ngọc Nam
Format: Książka
Język:Undetermined
Wydane: Thành phố Hồ Chí Minh Nhà xuất bản Thành phố Hồ Chí Minh 2001
Hasła przedmiotowe:
Etykiety: Dodaj etykietę
Nie ma etykietki, Dołącz pierwszą etykiete!
Thư viện lưu trữ: Trung tâm Học liệu Trường Đại học Cần Thơ
LEADER 00566nam a2200193Ia 4500
001 CTU_64498
008 210402s9999 xx 000 0 und d
020 |b 25000 
082 |a 658.8 
082 |b N104 
100 |a Trần, Ngọc Nam 
245 0 |a Maketing du lịch 
245 0 |c Trần Ngọc Nam 
260 |a Thành phố Hồ Chí Minh 
260 |b Nhà xuất bản Thành phố Hồ Chí Minh 
260 |c 2001 
650 |a Marketing,Tourism 
904 |i Nguyên sửa 
980 |a Trung tâm Học liệu Trường Đại học Cần Thơ